[Event "Cagliari op 3rd"]
[Site "Cagliari"]
[Date "2003.03.08"]
[Round "1"]
[White "Stefanini, Simone"]
[Black "Contu, Gianni"]
[Result "0-1"]
[WhiteElo "1699"]
[BlackElo "1789"]
[PlyCount "88"]
[EventDate "2003.03.08"]
[EventType "swiss"]
[EventRounds "7"]
[EventCountry "ITA"]
[SourceTitle "EXT 2024"]
[Source "ChessBase"]
[SourceDate "2023.10.10"]
[SourceVersion "1"]
[SourceVersionDate "2023.10.10"]
[SourceQuality "1"]

1. Nf3 d5 2. d4 e6 3. e3 c5 4. b3 Nf6 5. Bd3 Nc6 6. Bb2 cxd4 7. exd4 Bd6 8. 0-0 Qc7 9. Nbd2 Bd7 10. a3 0-0 11. Qe2 Bf4 12. Ne5 Be8 13. Ndf3 Rc8 14. g3 Bh6 15. g4 Bf4 16. h4 Nxe5 17. Nxe5 Ne4 18. a4 f6 19. Nf3 Bf7 20. Bxe4 dxe4 21. Ne1 f5 22. gxf5 exf5 23. c4 Qe7 24. Ng2 Bb8 25. d5 Qd6 26. f4 exf3 27. Qxf3 Qh2+ 28. Kf2 Bh5 29. Qxh5 Bg3+ 30. Kf3 Bd6 31. Qg5 Qh3+ 32. Kf2 Bc5+ 33. Ke2 Rfe8+ 34. Kd2 Bb4+ 35. Kc1 Rc7 36. Be5 Qxb3 37. Ne3 Rxc4+ 38. Nxc4 Qxc4+ 39. Kb2 Rxe5 40. Qd8+ Bf8 41. Rae1 Rxd5 42. Rf4 Qc5 43. Qe8 Rd2+ 44. Kb3 Qc2# 0-1

[Event "Cagliari Bitti Memorial-B 1st"]
[Site "Cagliari"]
[Date "2001.04.01"]
[Round "6"]
[White "Contu, Gianni"]
[Black "Abis, Roberto"]
[Result "1-0"]
[WhiteElo "1603"]
[BlackElo "1581"]
[PlyCount "95"]
[EventDate "2001.03.17"]
[EventType "swiss"]
[EventRounds "7"]
[EventCountry "ITA"]
[SourceTitle "EXT 2023"]
[Source "ChessBase"]
[SourceDate "2022.10.05"]
[SourceVersion "1"]
[SourceVersionDate "2022.10.05"]
[SourceQuality "1"]

1. e4 c5 2. Nc3 d6 3. Bc4 e6 4. Nge2 Nf6 5. d4 cxd4 6. Nxd4 a6 7. a4 Be7 8. 0-0 0-0 9. Be3 Nc6 10. Kh1 Qc7 11. Bd3 Ne5 12. Be2 Nc4 13. Bc1 Bd7 14. Qd3 Ne5 15. Qg3 Rac8 16. f4 Nc6 17. Nb3 d5 18. e5 Ne4 19. Nxe4 dxe4 20. c3 f5 21. exf6 Rxf6 22. Nd2 Rcf8 23. Nxe4 Rg6 24. Qd3 e5 25. Ng5 Bxg5 26. fxg5 Rxf1+ 27. Bxf1 Ne7 28. Be3 Nf5 29. Rd1 Rd6 30. Qc4+ Qxc4 31. Bxc4+ Kh8 32. Rxd6 Nxd6 33. Bb3 Nf5 34. Bb6 Bc6 35. Bf2 h6 36. gxh6 Nxh6 37. Kg1 g6 38. h3 Kg7 39. g4 Kf6 40. g5+ Kxg5 41. Be3+ Kh4 42. Bxh6 Kxh3 43. Bf7 Bxa4 44. Bxg6 Kg4 45. Kf2 Bb5 46. Ke3 Bd7 47. Ke4 b5 48. b4 1-0